000 00413nam a2200157Ia 4500
008 230312s9999||||xx |||||||||||||| ||und||
020 _a978-81-203-2960
082 _a004.16
_bBRE-I
100 _aBrey Barry B.
245 0 _aIntel Microprocessors
260 _bPrentice Hall
_aNew Delhi
_c2008
300 _a900
546 _aEng.
650 _aComputer
_vIntroduction to Microprocessor and Computer
942 _cBK
999 _c3434
_d3434